000 01047nam a22001817a 4500
003 OSt
005 20251111163524.0
008 251109b |||||||| |||| 00| 0 eng d
040 _cDCL
082 _a၂၉၄.၃၈၂၃၅၄
130 _aတိပိဋက။
_pသုတ္တန္တပိဋက။
_pခုဒ္ဒကနိကာယ။
_tမဟာနိဒ္ဒေသ၊
_lပါဠိတော်၊
_sနိဿယ။
245 _aမဟာနိဒ္ဒေသပါဠိတော်နိဿယ၊
_nပထမတွဲ /
_bအသျှင်ဇာဂရမထေရ် ။
264 _aမန္တလေး ၊
_bမန္တလေးတောင် ပိဋကတ်စာပုံနှိပ်တိုက်၊
_c၁၉၂၆။
300 _a၆၀၄ စာမျက်နှာ ၊
_c၂၅ စင်တီ။
650 _aမဟာနိဒ္ဒေသ
_vပါဠိတော် နိဿယ။
700 _aဇာဂရမထေရ် ၊ အသျှင်
942 _2ddc
_cSHORT TERM
_n0
999 _c2445
_d2445